Orientalism: (Record no. 332310)

000 -LEADER
fixed length control field 00812 a2200169 4500
003 - CONTROL NUMBER IDENTIFIER
control field NUST
005 - DATE AND TIME OF LATEST TRANSACTION
control field 20171123105113.0
008 - FIXED-LENGTH DATA ELEMENTS--GENERAL INFORMATION
fixed length control field 171123b xxu||||| |||| 00| 0 eng d
040 ## - CATALOGING SOURCE
Original cataloging agency DLC
Language of cataloging DLC
Transcribing agency 0
082 ## - DEWEY DECIMAL CLASSIFICATION NUMBER
Classification number 950.072 SAI
100 ## - MAIN ENTRY--PERSONAL NAME
Personal name Said, Edward W.
9 (RLIN) 486
245 ## - TITLE STATEMENT
Title Orientalism:
Statement of responsibility, etc. Edward W, Said.
Remainder of title western conceptions of the orient
260 ## - PUBLICATION, DISTRIBUTION, ETC.
Place of publication, distribution, etc. Islamabad:
Name of publisher, distributor, etc. National Book Foundation.
Date of publication, distribution, etc. 1979
300 ## - PHYSICAL DESCRIPTION
Extent v, 396p. ;
Dimensions 24 cm.
500 ## - GENERAL NOTE
General note Includes Index
501 ## - WITH NOTE
With note H.B
650 ## - SUBJECT ADDED ENTRY--TOPICAL TERM
Topical term or geographic name entry element 1.Orientalism.2.Imperialism.East and West.3.Asia --Foreign public opinion, Occidental.
9 (RLIN) 487
942 ## - ADDED ENTRY ELEMENTS (KOHA)
Koha item type Book
Call number prefix IESE
Source of classification or shelving scheme
Holdings
Withdrawn status Lost status Source of classification or shelving scheme Damaged status Not for loan Collection code Permanent Location Current Location Shelving location Date acquired Total Checkouts Full call number Barcode Date last seen Date last checked out Price effective from Koha item type
            Institute of Environmental Science and Engineering (IESE) Institute of Environmental Science and Engineering (IESE) General Stacks 11/23/2017 1 950.072 SAI IESE-2337 08/30/2021 03/01/2021 11/23/2017 Book
© 2023 Central Library, National University of Sciences and Technology. All Rights Reserved.